000 00513nam a2200169Ia 4500
999 _c12673
_d12673
003 OSt
005 20201103125857.0
008 190216s9999||||xx |||||||||||||| ||und||
040 _coclc
082 _a823.912
_bCON/N
100 _aConrad, Joseph
_94795
245 4 _aThe Nigger Of The Narcissus, Typhoon and Other Stories /
_cJoseph Conrad
260 _bPenguin Books,
_c1976.
_aLondon:
300 _a359p
650 _aEnglish Stories
942 _cBK
_2ddc
_h823.912
_iCON/N
_k823.912
_mCON/N